000 00969nam a22002897a 4500
001 9966
003 FISKH
005 20260320082947.0
008 260320b cb ||||| |||| 00| 0 eng d
020 _a9780064451246
040 _aFISKH
_beng
_cFISKH
_dFISKH
050 _aQL941 .Z64
082 _a591.4
100 _aZoehfeld, Kathleen Weidner
_eAuthor
245 _aWhat lives in a shell? /
_cby Kathleen Weidner Zoehfeld ; illustrated by Helen K. Davie
260 _aNew York :
_bHarperCollins Publishers ,
_c1994
300 _a32 pages :
_bcolor illustrations ;
_c21 x 26 cm
505 _aJ
520 _aDescribes such animals as snails, turtles, and crabs, which live in shells and use these coverings as protection.
521 8 _a460
_bLexile AD
521 8 _aJ
_bRaz-Plus
650 _aAnimal defenses
_vAnimal homes
650 _aNon-fiction
_vPicture book
700 _aDavie, Helen K.
_eIllustrator
942 _2ddc
_cBK
_n0
999 _c9966
_d9966